000 00628pam a2200229 a 4500
001 2860335
005 20180827072133.0
008 850904s1986 nyua b 001 0 eng c
010 _a 85019847
020 _a0070284407 :
_c$26.00
040 _aDNLM/DLC
_cDLC
_dDLC
041 _aeng
060 _aWS 105 H589c
080 _a155.4
082 0 0 _a155.4
_219
100 1 _a48
101 _apsi
245 1 0 _aChild psychology :
_cE. Mavis Hetherington, Ross D. Parke.
504 _aIncludes bibliographies and index.
906 _a7
_bcbc
_corignew
_d1
_eocip
_f19
_gy-gencatlg
942 _2ddc
_cBK
999 _c47341
_d47341